<?xml version="1.0" encoding="UTF-8"?><?xml-stylesheet type="text/xsl" href="static/style.xsl"?><OAI-PMH xmlns="http://www.openarchives.org/OAI/2.0/" xmlns:xsi="http://www.w3.org/2001/XMLSchema-instance" xsi:schemaLocation="http://www.openarchives.org/OAI/2.0/ http://www.openarchives.org/OAI/2.0/OAI-PMH.xsd"><responseDate>2026-04-28T01:57:25Z</responseDate><request verb="GetRecord" identifier="oai:uvadoc.uva.es:10324/6105" metadataPrefix="marc">https://uvadoc.uva.es/oai/request</request><GetRecord><record><header><identifier>oai:uvadoc.uva.es:10324/6105</identifier><datestamp>2021-06-29T10:17:33Z</datestamp><setSpec>com_10324_38</setSpec><setSpec>col_10324_852</setSpec></header><metadata><record xmlns="http://www.loc.gov/MARC21/slim" xmlns:doc="http://www.lyncode.com/xoai" xmlns:xsi="http://www.w3.org/2001/XMLSchema-instance" xmlns:dcterms="http://purl.org/dc/terms/" xsi:schemaLocation="http://www.loc.gov/MARC21/slim http://www.loc.gov/standards/marcxml/schema/MARC21slim.xsd">
<leader>00925njm 22002777a 4500</leader>
<datafield tag="042" ind1=" " ind2=" ">
<subfield code="a">dc</subfield>
</datafield>
<datafield tag="720" ind1=" " ind2=" ">
<subfield code="a">Pizarro Blanco, José María</subfield>
<subfield code="e">author</subfield>
</datafield>
<datafield tag="260" ind1=" " ind2=" ">
<subfield code="c">2014</subfield>
</datafield>
<datafield tag="520" ind1=" " ind2=" ">
<subfield code="a">El fin de este trabajo es realizar un estudio formal de la estructura de capas electrónicas presente en las nanopartículas de metales alcalinos, empezando por un desarrollo teórico del modelo Jellium esférico en el marco de la aproximación de la densidad local (LDA), dentro de la Teoría del Funcional de la Densidad (DFT). Para ello describiré algunos conceptos previos de la DFT-LDA y del modelo Jellium. El descubrimiento de esta estructura de capas electrónicas es uno de los trabajos pioneros en el campo de la Nanociencia y fue realizado por Knight et al. en 1984 (así como el descubrimiento del fullereno 𝐶60 y la explicación de su estructura realizado en 1985 por Kroto et al.).</subfield>
</datafield>
<datafield tag="024" ind2=" " ind1="8">
<subfield code="a">http://uvadoc.uva.es/handle/10324/6105</subfield>
</datafield>
<datafield ind1=" " ind2=" " tag="653">
<subfield code="a">Nanopartículas</subfield>
</datafield>
<datafield tag="245" ind1="0" ind2="0">
<subfield code="a">Capas electrónicas en nanopartículas</subfield>
</datafield>
</record></metadata></record></GetRecord></OAI-PMH>